| 000 | 00363 a2200169 4500 | ||
|---|---|---|---|
| 001 | 186869 | ||
| 020 | _a85-16-00482-1 | ||
| 040 | _cMagnum | ||
| 100 | _aQueiros, Bartolomeu Campos | ||
| 240 | 1 | 0 |
_aA faca afiada _lpor |
| 245 | 1 | 0 | _aA faca afiada |
| 300 | _a23 | ||
| 362 | 0 | _a1995 | |
| 440 | 1 | _aModerna | |
| 697 | _aLITERATURA INFANTO-JUVENIL | ||
| 942 | _cBK | ||
| 999 |
_c186869 _d186869 |
||